जादुई मर्तबान / (Record no. 62478)

MARC details
000 -LEADER
fixed length control field 00900nam a22002057a 4500
005 - DATE AND TIME OF LATEST TRANSACTION
control field 20120210120044.0
020 ## - INTERNATIONAL STANDARD BOOK NUMBER
Terms of availability 75.00
International Standard Book Number 9788189020897
082 ## - DEWEY DECIMAL CLASSIFICATION NUMBER
Classification number
100 ## - MAIN ENTRY--PERSONAL NAME
Personal name मरवाहा, माला
245 ## - TITLE STATEMENT
Title जादुई मर्तबान /
Statement of responsibility, etc माला मरवाहा
250 ## - EDITION STATEMENT
Edition statement 4था संस्क
260 ## - PUBLICATION, DISTRIBUTION, ETC. (IMPRINT)
Place of publication, distribution, etc नई दिल्ली
Name of publisher, distributor, etc कथा वर्ल्ड लाइब्रेरी
Date of publication, distribution, etc 2010
270 ## - ADDRESS
Address ए-3 सर्वोदय एनक्लेव, श्री औरोबिन्दो मार्ग
City नई दिल्ली
Postal code 110017
300 ## - PHYSICAL DESCRIPTION
Extent अ.पृ.
Other physical details सचित्र
Dimensions 22सेमी (अजिल्द)
700 ## - ADDED ENTRY--PERSONAL NAME
9 (RLIN) 41293
700 ## - ADDED ENTRY--PERSONAL NAME
9 (RLIN) 41305
700 ## - ADDED ENTRY--PERSONAL NAME
9 (RLIN) 41360
942 ## - ADDED ENTRY ELEMENTS (KOHA)
Source of classification or shelving scheme Dewey Decimal Classification
Item type Children Books
Classification part
Call number suffix मरवा
Holdings
Withdrawn status Lost status Not for loan Home library Current library Date acquired Cost, normal purchase price Full call number Cost, replacement price Koha item type
    Ordered Andrews Gunj Andrews Gunj 10/02/2012 75.00 क मरवा 75.00 Children Books

© Delhi Public Library
Hit Counter
free hit counter